000 00615nam a2200181 i 4500
001 36020
003 ES-MaACL
005 20230906155256.0
007 t|
008 030214s1914 ae ||||1| fre d
100 1 _aBresnier, Louis-Jacques.
_931608
245 1 0 _aCours pratique et théorique de langue arabe
_b: acompagné d'un traité du langage arabe usuel et de ses divers Llialzetes en Algérie /
_cpar L. J. Bresnier.
250 _a2eme ed.
260 _aAlger :
_bAdolphe Jourdan,
_c1914.
300 _aXVI, 690 p. ;
_c22 cm.
650 4 _aLengua árabe-
_xGramática.
_914089
852 _aES-MaACL
_jF-6591
999 _c36020
_d36020